Promptuarium theologiae moralis universae in memoriae auxilium aptiori methodo digestum maxime pro examinandis vel concursum adeuntibus perutile

Detalles Bibliográficos
Autor principal: Colli Lanzi, Camilo
Formato: Libro
Lenguaje:Latin
Publicado: Taurini 1912
Materias:
Colección:Banco de datos
Acervo:Biblioteca de la Congregación del Oratorio de San Felipe Neri de México. Iglesia La Profesa
Descripción Física:VIII, 434 p. 22 cm.
Tema general:Teología moral
Notas:Encuadernación en cartón con lomo en piel. Sello en tinta del Oratorio de San Felipe Neri de México. Biblioteca La Profesa, D.F.
LEADER 00932nam a22001810004500
035 |a 1498 
041 0 |a lat 
100 1 |a Colli Lanzi, Camilo 
245 1 0 |a Promptuarium theologiae moralis universae in memoriae auxilium aptiori methodo digestum maxime pro examinandis vel concursum adeuntibus perutile  |c Sac. Camillus Colli Lanzi Burgi ticini novariensis praepositus 
260 |a Taurini  |b ex typographia Pontificia et Sacrae Rituum Congregationis, Eq. Petri Marietti- Editoris  |c 1912 
300 |a VIII, 434 p.  |c 22 cm. 
500 |a Encuadernación en cartón con lomo en piel. Sello en tinta del Oratorio de San Felipe Neri de México. Biblioteca La Profesa, D.F. 
504 |a Apéndices e índice de contenido  
650 1 0 |a Teología moral 
949 |a Iglesia La Profesa, Biblioteca 2517 
942 |c PROFESA 
943 |g Biblioteca de la Congregación del Oratorio de San Felipe Neri de México. Iglesia La Profesa 
999 |c 948309  |d 948309